[Event "Krakow op-D"]
[Site "Krakow"]
[Date "2003.12.28"]
[Round "3"]
[White "Klita, Pawel"]
[Black "Zelenka, Katarzyna"]
[Result "0-1"]
[WhiteElo "1600"]
[BlackElo "1601"]
[PlyCount "30"]
[EventDate "2003.12.27"]
[EventType "swiss"]
[EventRounds "9"]
[EventCountry "POL"]
[SourceTitle "EXT 2006"]
[Source "ChessBase"]
[SourceDate "2005.11.24"]
[SourceVersion "1"]
[SourceVersionDate "2005.11.24"]
[SourceQuality "1"]

1. e4 e5 2. Nf3 Nc6 3. d4 exd4 4. Nxd4 Nf6 5. Bg5 Be7 6. Nxc6 bxc6 7. Nc3 Nxe4 8. Nxe4 Bxg5 9. Qe2 0-0 10. f3 Re8 11. h4 Bxh4+ 12. Kd1 d5 13. g3 Bxg3 14. Qg2 dxe4+ 15. Kc1 Bf4+ 0-1